000 00717nam a2200265Ia 4500
003 OSt
005 20220928120737.0
006 a|||||r|||| 00| 0
007 ta
008 220927b |||||||| |||| 00| 0 eng d
024 _a30124
037 _cTextual
040 _aSDCL
_cSDCL
_beng
041 _2eng
_aeng
082 _aL:423, N4
100 _aLevy Jay A
_9438162
245 0 _aVirology.
250 _a3
260 _aEnglewood
_bCliffs Prentice Hall
_c1994
300 _axii,447p.
_ccm.
700 _a Fraenkel-Conrat Heinz
_9438160
700 _a Owens Robert A
_9450869
942 _hL:423, N4
_cTEXL
_2CC
999 _c765011
_d765011